Statistics for Sam Rockwell Filmography

Click here to take the quiz!

General Stats

  • This quiz has been taken 220 times
    (12 since last reset)
  • The average score is 34 of 133

Answer Stats

TypeYearName% Correct
Film1999The Green Mile
75%
TV Show2018Saturday Night Live
67%
Film2017Three Billboards Outside Ebbing, Missouri
67%
Film2018Vice
67%
Film2010Iron Man 2
58%
Film2009Moon
58%
Film2024Argylle
50%
Film2000Charlie's Angels
50%
Film2015Mr. Right
50%
Film2015Poltergeist
50%
Web Series2023What If...?
50%
Film1999Galaxy Quest
42%
Film2024IF
42%
Film2019Jojo Rabbit
42%
TV Show1992, 1993Law & Order
42%
Film2012Seven Psychopaths
42%
Film2022The Bad Guys
42%
Film2005The Hitchhiker's Guide to the Galaxy
42%
Film2020Trolls World Tour
42%
Theater2022American Buffalo
33%
Theater2011A Streetcar Named Desire
33%
Film2018Blaze
33%
Film2008Choke
33%
Film2002Confessions of a Dangerous Mind
33%
Film2010Conviction
33%
Film2011Cowboys & Aliens
33%
TV Show2015Drunk History
33%
Film2008Frost/Nixon
33%
Film | Video Game2009G-Force
33%
Film2001Heist
33%
Film2003Matchstick Men
33%
Film2018 | 2019The Best of Enemies
33%
Film2020The One and Only Ivan
33%
Film2011The Sitter
33%
Film2013The Way, Way Back
33%
Film2017Woman Walks Ahead
33%
Film200213 Moons
25%
TV Show1990ABC Afterschool Specials
25%
Theater2010A Behanding in Spokane
25%
Film2013A Case of You
25%
Film1999A Midsummer Night's Dream
25%
Film1996Basquiat
25%
Film2018Blue Iguana
25%
Film1996Box of Moonlight
25%
Film1998Celebrity
25%
Film2015Digging for Fire
25%
Video Game2016Dishonored 2
25%
Film1995Drunks
25%
Film2009Everybody's Fine
25%
Web Series2015-2021F is for Family
25%
TV Mini-Series2019Fosse/Verdon
25%
TV Documentary2011Gettysburg
25%
Film1995Glory Daze
25%
Web Mini-Series2020Home Movie: The Princess Bride
25%
TV Show2016Inside Amy Schumer
25%
Film1992In the Soup
25%
Film1998Jerry and Tom
25%
Film2007Joshua
25%
Film2014Laggies
25%
Film1992Light Sleeper
25%
Short Film2014Marvel One-Shot: All Hail the King
25%
Film2018Mute
25%
TV Show1995NYPD Blue
25%
Film2019Richard Jewell
25%
Film1994Somebody to Love
25%
Film1990Teenage Mutant Ninja Turtles
25%
Film2007The Assassination of Jesse James by the Coward Robert Ford
25%
TV Show1988The Equalizer
25%
Film2013Trust Me
25%
Film2002Welcome to Collinwood
25%
TV Show2018After Hours with Josh Horowitz
17%
FilmTBAA Guy Walks Into a Bar
17%
Film2013A Single Shot
17%
Film2017Axis
17%
Short Film1996Bad Liver and a Broken Heart
17%
Film2013Better Living Through Chemistry
17%
Short Film2001BigLove
17%
Film1989Clownhouse
17%
Short Film2001D.C. Smalls
17%
Film2015Don Verdean
17%
TV Show1989Dream Street
17%
Theater2001Dumb Waiter
17%
Short Film2010F—K
17%
Theater2014, 2015Fool for Love
17%
Film2009Gentlemen Broncos
17%
Theater1997-1998Goosepimples
17%
Film1992Happy Hell Night
17%
Film1992Jack and His Friends
17%
TV Mini-Series1979Joan Crawford's Children
17%
Film1989Last Exit to Brooklyn
17%
Film1997Lawn Dogs
17%
TV Show1993Lifestories: Families in Crisis
17%
Film2014Loitering with Intent
17%
Film1998Louis & Frank
17%
Film2001Made
17%
Film1995Mercy
17%
TV Show2012Napoleon Dynamite
17%
Film2004Piccadilly Jim
17%
Short Film2001Pretzel
17%
TV Show1997, 2000Prince Street
17%
Short Film2005Robin's Big Date
17%
Short Film2002Running Time
17%
Film1998Safe Men
17%
Film2007Snow Angels
17%
TV Show2005Stella
17%
Film2002Stella Shorts 1998-2002
17%
Film1991Strictly Business
17%
TV Film1997Subway Stories: Tales from the Underground
17%
FilmTBAThe Adventures of Drunky
17%
Short Film2022The Bad Guys in Maraschino Ruby
17%
Film1998The Call Back
17%
Short Film2017The Dark of Night
17%
Film2005The F Word
17%
FilmTBAThe Heart
17%
Theater2000The Hot | Baltimore
17%
Theater2005The Last Days of Judas Iscariot
17%
Film1994The Search for One-eye Jimmy
17%
Film2009The Winning Season
17%
Theater2001The Zoo Story
17%
Web SeriesTBAVital Signs
17%
Film1997Arresting Gina
8%
Music Video2015Flight Facilities
8%
Commercial1994Miller Ice Beer
8%
Documentary2013Schooled: The Price of College Sports
8%
Film2022See How They Ran
8%
Theater2003The 24 Hour Plays 2003
8%
Theater2004The 24 Hour Plays 2004
8%
Theater2006The 24 Hour Plays 2006
8%
Theater2009The 24 Hour Plays 2009
8%
Theater1991Unidentified Human Remains and the True Nature of Love
8%
Short Film2008Woman in Burka
8%

Score Distribution

Percentile by Number Answered

Percent of People with Each Score

Your Score History

You have not taken this quiz since the last reset